| 000 | 01164nam a2200265 a 4500 | ||
|---|---|---|---|
| 001 | 000025532 | ||
| 005 | 20200930023845.0 | ||
| 008 | 110217s1966 mx r 001 0 spa d | ||
| 040 |
_aDO-SdBNP _bspa _cBNPHU |
||
| 082 |
_a338.973 _bB887r |
||
| 100 | 1 |
_aBruchey, Stuart R., _d1917- _952187 |
|
| 245 | 1 | 0 |
_aRaíces del desarrollo económico norteamericano 1607-1861 : _bEnsayo sobre causalidad social / _cStuart Bruchey , traducción Luisa María Álvarez. |
| 260 |
_aMéxico, D. F. : _bUnión Topográfica Editorial Hispano Americana, _c1966. |
||
| 300 |
_axv, 209 p. ; _c23 cm. |
||
| 490 | 1 | _aBiblioteca uthea de economía | |
| 500 | _aIncluye índice de tablas. | ||
| 500 | _aIncluye índice alfabético. | ||
| 500 | _aIncluye referencias bibliográficas p. [195-205]. | ||
| 504 | _aIncluye referencias bibliográficas y notas al pie de las páginas. | ||
| 534 |
_pTítulo original: _tThe roots of american economic growth 1607-1861, _cNew York : Harper & Row, 1965. |
||
| 650 | 4 |
_aDesarrollo económico _zEstados Unidos _xEnsayos _952188 |
|
| 700 | 1 |
_aÁlvarez, Luisa María, _etr. _947398 |
|
| 830 | 0 |
_aBiblioteca uthea de economía _952189 |
|
| 049 | _aBNGR | ||
| 999 |
_c25024 _d25024 |
||